[Event "GER-ch Seniors 22nd"]
[Site "Berlin"]
[Date "2010.08.23"]
[Round "8"]
[White "Beckel, Friedrich A"]
[Black "Juergens, Peter1111"]
[Result "1/2-1/2"]
[WhiteElo "2000"]
[BlackElo "1837"]
[PlyCount "56"]
[EventDate "2010.08.16"]
[EventType "swiss"]
[EventRounds "9"]
[EventCountry "GER"]
[SourceTitle "CBM 138 Extra"]
[Source "ChessBase"]
[SourceDate "2010.10.29"]
[SourceVersion "1"]
[SourceVersionDate "2010.10.29"]
[SourceQuality "1"]

1. e4 e6 2. d4 d5 3. Nc3 Bb4 4. exd5 exd5 5. Qf3 Nc6 6. Bb5 Nge7 7. Bf4 0-0 8. 0-0-0 Be6 9. Nge2 a6 10. Bd3 Qd7 11. h3 Ng6 12. Bd2 Rfb8 13. Qh5 Bf8 14. Nb1 Nb4 15. Bxb4 Bxb4 16. g4 Nf8 17. f4 f6 18. Qh4 Re8 19. Qf2 Re7 20. Ng3 Rae8 21. Rhg1 Kh8 22. Rdf1 Bd6 23. Nc3 c6 24. Nce2 Qc7 25. Kb1 b5 26. Nc1 c5 27. dxc5 Bxc5 28. Qd2 Bxg1 1/2-1/2

[Event "GER-ch Seniors 22nd"]
[Site "Berlin"]
[Date "2010.08.20"]
[Round "5"]
[White "Lueders, Gerhard"]
[Black "Beckel, Friedrich A"]
[Result "1-0"]
[WhiteElo "2110"]
[BlackElo "2000"]
[PlyCount "97"]
[EventDate "2010.08.16"]
[EventType "swiss"]
[EventRounds "9"]
[EventCountry "GER"]
[SourceTitle "CBM 138 Extra"]
[Source "ChessBase"]
[SourceDate "2010.10.29"]
[SourceVersion "1"]
[SourceVersionDate "2010.10.29"]
[SourceQuality "1"]

1. e4 c5 2. c3 g6 3. d4 cxd4 4. Bc4 Qc7 5. Qxd4 Nf6 6. Na3 Nc6 7. Nb5 Qb8 8. Qe3 Bg7 9. f4 d6 10. h3 0-0 11. g4 Be6 12. Bxe6 fxe6 13. Ne2 d5 14. e5 Ne4 15. h4 Bxe5 16. fxe5 Nxe5 17. Nbd4 Nxg4 18. Qh3 h5 19. Be3 e5 20. Ne6 Rf6 21. Ng5 Nef2 22. Bxf2 Nxf2 23. Qd7 Qd8 24. Qxd8+ Rxd8 25. 0-0 Nd3 26. Rad1 Nf4 27. Nxf4 exf4 28. Rde1 Rd7 29. Ne6 f3 30. Re3 f2+ 31. Rxf2 Rxf2 32. Kxf2 Kf7 33. Ng5+ Kf6 34. Rf3+ Ke5 35. Ke3 d4+ 36. cxd4+ Rxd4 37. Rf7 Rb4 38. Rxe7+ Kf6 39. Rf7+ Ke5 40. b3 a5 41. Re7+ Kf5 42. Re4 Rxe4+ 43. Nxe4 Kg4 44. Nd6 Kxh4 45. Kf2 b6 46. Nc4 b5 47. Nxa5 Kg4 48. Nc6 Kf4 49. Nd4 1-0

[Event "GER-ch Seniors 22nd"]
[Site "Berlin"]
[Date "2010.08.19"]
[Round "4"]
[White "Beckel, Friedrich A"]
[Black "Bogorad, Michail"]
[Result "1/2-1/2"]
[WhiteElo "2000"]
[BlackElo "2118"]
[PlyCount "86"]
[EventDate "2010.08.16"]
[EventType "swiss"]
[EventRounds "9"]
[EventCountry "GER"]
[SourceTitle "CBM 138 Extra"]
[Source "ChessBase"]
[SourceDate "2010.10.29"]
[SourceVersion "1"]
[SourceVersionDate "2010.10.29"]
[SourceQuality "1"]

1. e4 c5 2. Nf3 g6 3. d4 cxd4 4. Nxd4 Bg7 5. Nc3 Nc6 6. Nb3 d6 7. Be2 Nf6 8. 0-0 0-0 9. Re1 a5 10. a4 Be6 11. Bb5 Bxb3 12. cxb3 Nd7 13. Bg5 h6 14. Bh4 Nc5 15. f4 Kh7 16. Kh1 Qd7 17. Nd5 Rae8 18. Rc1 Kh8 19. e5 Ne6 20. f5 gxf5 21. Qh5 dxe5 22. Rcd1 Ned4 23. Rxd4 exd4 24. Nxe7 Qd6 25. Nxf5 Rxe1+ 26. Bxe1 Qg6 27. Nxg7 Kxg7 28. Qd1 Re8 29. Bxc6 Rxe1+ 30. Qxe1 Qxc6 31. Kg1 Qc5 32. Kf1 Qf5+ 33. Kg1 b6 34. b4 d3 35. bxa5 bxa5 36. b4 axb4 37. Qxb4 Qe5 38. Qd2 Qd4+ 39. Kf1 Qf6+ 40. Kg1 Qa1+ 41. Kf2 Qd4+ 42. Kf1 Qf6+ 43. Kg1 Qd4+ 1/2-1/2

[Event "GER-ch Seniors 22nd"]
[Site "Berlin"]
[Date "2010.08.17"]
[Round "2"]
[White "Beckel, Friedrich A"]
[Black "Gramse, Hartmut"]
[Result "1/2-1/2"]
[WhiteElo "2000"]
[BlackElo "1811"]
[PlyCount "135"]
[EventDate "2010.08.16"]
[EventType "swiss"]
[EventRounds "9"]
[EventCountry "GER"]
[SourceTitle "CBM 138 Extra"]
[Source "ChessBase"]
[SourceDate "2010.10.29"]
[SourceVersion "1"]
[SourceVersionDate "2010.10.29"]
[SourceQuality "1"]

1. e4 e6 2. d4 d5 3. Nc3 Bb4 4. exd5 exd5 5. Qf3 c6 6. Bd3 Qf6 7. Qe3+ Qe7 8. Nge2 Qxe3 9. Bxe3 Nf6 10. 0-0 0-0 11. a3 Bd6 12. Bg5 Nbd7 13. Ng3 h6 14. Bd2 Bxg3 15. hxg3 Re8 16. Rfe1 Kf8 17. Rxe8+ Nxe8 18. Re1 Ndf6 19. f3 b5 20. Ne2 a5 21. Nc1 Nd6 22. Bf4 Nfe8 23. Nb3 Nb7 24. g4 Bd7 25. Kf2 a4 26. Nc5 Nxc5 27. dxc5 g5 28. Be5 f6 29. Bg3 Kf7 30. Rh1 Kg7 31. Ke3 Rc8 32. Kd2 Nc7 33. Re1 Ne6 34. Bd6 Rh8 35. Bf5 Kf7 36. Rh1 Kg7 37. g3 Bc8 38. Kc3 Bd7 39. Kb4 Ra8 40. Rh2 Ra7 41. Kc3 Nd8 42. Re2 Bxf5 43. gxf5 h5 44. Rh2 Kh6 45. Bf8+ Kh7 46. Rxh5+ Kg8 47. Bd6 Nf7 48. Kd4 Rd7 49. Rh2 Nxd6 50. cxd6 Rxd6 51. Kc5 Rd8 52. Kxc6 d4 53. Rd2 Kf7 54. Kc5 Ke7 55. Kb4 Rd5 56. g4 Kd6 57. c4 dxc3 58. Rxd5+ Kxd5 59. Kxc3 Ke5 60. Kb4 Kf4 61. Kxb5 Kxf3 62. Kxa4 Kxg4 63. Kb5 Kxf5 64. a4 g4 65. a5 g3 66. a6 g2 67. a7 g1Q 68. a8Q 1/2-1/2

[Event "GER-ch Seniors 22nd"]
[Site "Berlin"]
[Date "2010.08.16"]
[Round "1"]
[White "Worschech, Roland"]
[Black "Beckel, Friedrich A"]
[Result "0-1"]
[WhiteElo "1644"]
[BlackElo "2000"]
[PlyCount "52"]
[EventDate "2010.08.16"]
[EventType "swiss"]
[EventRounds "9"]
[EventCountry "GER"]
[SourceTitle "CBM 138 Extra"]
[Source "ChessBase"]
[SourceDate "2010.10.29"]
[SourceVersion "1"]
[SourceVersionDate "2010.10.29"]
[SourceQuality "1"]

1. d4 Nf6 2. c4 g6 3. Nc3 d5 4. cxd5 Nxd5 5. Nxd5 Qxd5 6. e3 Bg7 7. Bd2 0-0 8. Ne2 Be6 9. Nc3 Qd7 10. Be2 c5 11. dxc5 Rd8 12. Bf3 Na6 13. Na4 Qc7 14. Qc2 Rac8 15. Rc1 b5 16. Be2 Qc6 17. Bf3 Bd5 18. e4 Be6 19. Nc3 Nb4 20. Qb1 Nd3+ 21. Kd1 Nxc1 22. Qxc1 Qxc5 23. a3 a5 24. g3 b4 25. axb4 axb4 26. Ne2 Qd4 0-1

[Event "Leipzig VfB op 16th"]
[Site "Leipzig"]
[Date "2009.04.02"]
[Round "5"]
[White "Beckel, Friedrich A"]
[Black "Schroeter, Samuel"]
[Result "0-1"]
[WhiteElo "2152"]
[BlackElo "1990"]
[PlyCount "66"]
[EventDate "2009.03.31"]
[EventType "swiss"]
[EventRounds "9"]
[EventCountry "GER"]
[SourceTitle "EXT 2010"]
[Source "ChessBase"]
[SourceDate "2010.11.25"]
[SourceVersion "1"]
[SourceVersionDate "2010.11.25"]
[SourceQuality "1"]

1. e4 e5 2. Nf3 Nc6 3. Bb5 a6 4. Ba4 Nf6 5. 0-0 b5 6. Bb3 Be7 7. Re1 0-0 8. a4 Bb7 9. d3 d6 10. Nc3 b4 11. Ne2 Na5 12. Ba2 c5 13. Ng3 b3 14. cxb3 Nc6 15. b4 Nxb4 16. Bc4 Bc8 17. h3 Rb8 18. a5 Nc6 19. Qa4 Bd7 20. Qa2 Nb4 21. Qb1 Qc7 22. Bd2 Qa7 23. Ne2 Bd8 24. Bxb4 Rxb4 25. Nc3 Bc6 26. h4 Qd7 27. Nh2 Qb7 28. b3 d5 29. exd5 Nxd5 30. Nxd5 Bxd5 31. Qd1 Bxh4 32. Rxe5 Bxc4 33. bxc4 Bf6 0-1

[Event "Leipzig VfB op 16th"]
[Site "Leipzig"]
[Date "2009.03.31"]
[Round "1"]
[White "Beckel, Friedrich A"]
[Black "Ptitsyn, Vadim"]
[Result "1-0"]
[WhiteElo "2152"]
[BlackElo "1804"]
[PlyCount "63"]
[EventDate "2009.03.31"]
[EventType "swiss"]
[EventRounds "9"]
[EventCountry "GER"]
[SourceTitle "EXT 2010"]
[Source "ChessBase"]
[SourceDate "2010.11.25"]
[SourceVersion "1"]
[SourceVersionDate "2010.11.25"]
[SourceQuality "1"]

1. e4 e5 2. Nf3 Nc6 3. Bb5 a6 4. Ba4 Nf6 5. 0-0 Be7 6. Re1 b5 7. Bb3 0-0 8. a4 b4 9. d3 d6 10. a5 Bd7 11. Nbd2 Na7 12. Nf1 c5 13. Ne3 Nc6 14. Nc4 Be6 15. Nb6 Ra7 16. Bxe6 fxe6 17. Nc4 h6 18. c3 Qc7 19. Bd2 d5 20. exd5 exd5 21. Ncxe5 Bd6 22. Nxc6 Qxc6 23. cxb4 cxb4 24. Be3 Rb7 25. Bd4 Bc7 26. Rc1 Qd7 27. Bc5 Re8 28. Rxe8+ Qxe8 29. Qb3 Qh5 30. Bd4 Qf5 31. Bxf6 Qxf6 32. Qxd5+ 1-0

[Event "Sachsen-ch Seniors op 17th"]
[Site "Dresden"]
[Date "2009.02.16"]
[Round "8"]
[White "Goldberg, Valerij"]
[Black "Beckel, Friedrich A"]
[Result "1-0"]
[WhiteElo "2119"]
[BlackElo "2040"]
[PlyCount "65"]
[EventDate "2009.02.09"]
[EventType "swiss"]
[EventRounds "9"]
[EventCountry "GER"]
[SourceTitle "EXT 2022"]
[Source "ChessBase"]
[SourceDate "2021.10.06"]
[SourceVersion "1"]
[SourceVersionDate "2021.10.06"]
[SourceQuality "1"]

1. e4 c5 2. c3 g6 3. d4 cxd4 4. Qxd4 Nf6 5. f4 Nc6 6. Qd3 d6 7. Nf3 Bg7 8. Be3 0-0 9. Nbd2 Bg4 10. Be2 a6 11. 0-0 d5 12. h3 Bxf3 13. Bxf3 dxe4 14. Qxd8 Rfxd8 15. Nxe4 Nd5 16. Bd2 Nb6 17. Rad1 Rd5 18. Be3 Rxd1 19. Rxd1 Nc4 20. Bc1 e5 21. Nc5 exf4 22. Nxb7 N6e5 23. Bd5 Bf8 24. b3 Ne3 25. Bxe3 fxe3 26. Kf1 h5 27. Ke2 Bh6 28. c4 a5 29. c5 Ra6 30. a3 Rf6 31. Rf1 Rxf1 32. Kxf1 Nd3 33. Bc4 1-0

[Event "Sachsen-ch Seniors op 17th"]
[Site "Dresden"]
[Date "2009.02.13"]
[Round "5"]
[White "Beckel, Friedrich A"]
[Black "Weczerek, Franz"]
[Result "1-0"]
[WhiteElo "2040"]
[BlackElo "1711"]
[PlyCount "49"]
[EventDate "2009.02.09"]
[EventType "swiss"]
[EventRounds "9"]
[EventCountry "GER"]
[SourceTitle "EXT 2022"]
[Source "ChessBase"]
[SourceDate "2021.10.06"]
[SourceVersion "1"]
[SourceVersionDate "2021.10.06"]
[SourceQuality "1"]

1. e4 e6 2. d4 d5 3. Nc3 dxe4 4. Nxe4 Be7 5. Nf3 Nf6 6. Bd3 Bd7 7. Ne5 Nc6 8. c3 Nxe5 9. dxe5 Nd5 10. 0-0 Bc6 11. Qe2 h6 12. Rd1 Bg5 13. Bb5 Qd7 14. Bxc6 Qxc6 15. Nxg5 hxg5 16. Bxg5 f6 17. c4 Rh5 18. Be3 Rh8 19. Bg5 fxg5 20. cxd5 exd5 21. Qg4 Qh6 22. h3 c6 23. Rd3 Ke7 24. Qb4+ Ke6 25. Rf3 1-0

[Event "Sachsen-ch Seniors op 17th"]
[Site "Dresden"]
[Date "2009.02.11"]
[Round "3"]
[White "Beckel, Friedrich A"]
[Black "Juergens, Peter1111"]
[Result "1/2-1/2"]
[WhiteElo "2040"]
[BlackElo "1806"]
[PlyCount "23"]
[EventDate "2009.02.09"]
[EventType "swiss"]
[EventRounds "9"]
[EventCountry "GER"]
[SourceTitle "EXT 2022"]
[Source "ChessBase"]
[SourceDate "2021.10.06"]
[SourceVersion "1"]
[SourceVersionDate "2021.10.06"]
[SourceQuality "1"]

1. e4 e6 2. d4 d5 3. Nc3 Bb4 4. exd5 exd5 5. Qf3 Nc6 6. Bb5 Nge7 7. Bf4 0-0 8. 0-0-0 Be6 9. Nge2 a6 10. Bxc6 Nxc6 11. Qg3 Rc8 12. a3 1/2-1/2

[Event "GER-ch Seniors-A 20th"]
[Site "Erfurt"]
[Date "2008.08.12"]
[Round "8"]
[White "Beckel, Friedrich A"]
[Black "Smits, Oswald"]
[Result "1-0"]
[WhiteElo "2020"]
[BlackElo "1796"]
[PlyCount "95"]
[EventDate "2008.08.05"]
[EventType "swiss"]
[EventRounds "9"]
[EventCountry "GER"]
[SourceTitle "CBM 126 Extra"]
[Source "ChessBase"]
[SourceDate "2008.11.05"]
[SourceVersion "1"]
[SourceVersionDate "2008.11.05"]
[SourceQuality "1"]

1. e4 c5 2. Nf3 d6 3. d4 cxd4 4. Nxd4 Nf6 5. Nc3 a6 6. Bd3 g6 7. 0-0 Bg7 8. Re1 Qc7 9. Bf1 0-0 10. Bg5 Nc6 11. Bxf6 Bxf6 12. Nd5 Qa5 13. Nxc6 bxc6 14. Nxf6+ exf6 15. Qxd6 Be6 16. Qf4 Qe5 17. Qxe5 fxe5 18. Red1 a5 19. Rd6 Rfc8 20. b3 Kf8 21. Rad1 Ke7 22. Be2 Ra7 23. R6d2 Rd7 24. Rxd7+ Bxd7 25. Bc4 Be6 26. Bxe6 Kxe6 27. Kf1 Ke7 28. Ke2 Rb8 29. a3 Ke6 30. Rd3 Ke7 31. Kd2 Rb7 32. Kc3 Rb8 33. Kc4 Rb5 34. f3 f5 35. c3 Rb8 36. b4 a4 37. Kc5 fxe4 38. fxe4 Rf8 39. Kxc6 Rf4 40. c4 Rxe4 41. c5 Rd4 42. Re3 Ke6 43. b5 Rd2 44. b6 Rxg2 45. b7 Rb2 46. Re4 Rxb7 47. Kxb7 Kd5 48. Rxe5+ 1-0

[Event "GER-ch Seniors-A 20th"]
[Site "Erfurt"]
[Date "2008.08.11"]
[Round "7"]
[White "Walter, Guenter"]
[Black "Beckel, Friedrich A"]
[Result "1-0"]
[WhiteElo "2177"]
[BlackElo "2020"]
[PlyCount "59"]
[EventDate "2008.08.05"]
[EventType "swiss"]
[EventRounds "9"]
[EventCountry "GER"]
[SourceTitle "CBM 126 Extra"]
[Source "ChessBase"]
[SourceDate "2008.11.05"]
[SourceVersion "1"]
[SourceVersionDate "2008.11.05"]
[SourceQuality "1"]

1. d4 Nf6 2. c4 g6 3. Nc3 d5 4. Nf3 Bg7 5. Bg5 Ne4 6. Bh4 Nxc3 7. bxc3 dxc4 8. Qa4+ Qd7 9. Qxc4 b6 10. e3 Ba6 11. Qb3 Bxf1 12. Kxf1 0-0 13. Ke2 c5 14. dxc5 Na6 15. Rhd1 Qc7 16. cxb6 axb6 17. Rab1 e6 18. Kf1 Rfc8 19. Rdc1 Nc5 20. Qxb6 Qxb6 21. Rxb6 Na4 22. Rb3 Bxc3 23. Be7 Bb2 24. Rxc8+ Rxc8 25. g4 Kg7 26. g5 Rc7 27. Bd6 Rc6 28. Bf4 Rc2 29. Rb4 Nc5 30. Rxb2 1-0

[Event "GER-ch Seniors-A 20th"]
[Site "Erfurt"]
[Date "2008.08.08"]
[Round "4"]
[White "Beckel, Friedrich A"]
[Black "Reinemann, Guenter"]
[Result "1/2-1/2"]
[WhiteElo "2020"]
[BlackElo "1739"]
[PlyCount "58"]
[EventDate "2008.08.05"]
[EventType "swiss"]
[EventRounds "9"]
[EventCountry "GER"]
[SourceTitle "CBM 126 Extra"]
[Source "ChessBase"]
[SourceDate "2008.11.05"]
[SourceVersion "1"]
[SourceVersionDate "2008.11.05"]
[SourceQuality "1"]

1. e4 e6 2. d4 d5 3. Nc3 dxe4 4. Nxe4 Be7 5. Nf3 Nf6 6. Bd3 Bd7 7. Qe2 Bc6 8. 0-0 Nxe4 9. Bxe4 Bxe4 10. Qxe4 Qd5 11. Qf4 0-0 12. Be3 Na6 13. Rfd1 Rac8 14. a3 Qh5 15. c4 Rfd8 16. b4 c6 17. Qg3 Bd6 18. Bf4 Bxf4 19. Qxf4 Nc7 20. a4 Qg6 21. b5 Qf6 22. Qe3 Ne8 23. bxc6 Rxc6 24. c5 Rc7 25. a5 Qe7 26. Re1 Nf6 27. Rac1 Nd5 28. Qb3 b6 29. axb6 axb6 1/2-1/2

[Event "GER-ch Seniors-A 20th"]
[Site "Erfurt"]
[Date "2008.08.06"]
[Round "2"]
[White "Beckel, Friedrich A"]
[Black "Bade, Uwe"]
[Result "1/2-1/2"]
[WhiteElo "2020"]
[BlackElo "2118"]
[PlyCount "36"]
[EventDate "2008.08.05"]
[EventType "swiss"]
[EventRounds "9"]
[EventCountry "GER"]
[SourceTitle "CBM 126 Extra"]
[Source "ChessBase"]
[SourceDate "2008.11.05"]
[SourceVersion "1"]
[SourceVersionDate "2008.11.05"]
[SourceQuality "1"]

1. e4 c5 2. Nf3 Nc6 3. d4 cxd4 4. Nxd4 Nf6 5. Nc3 e5 6. Ndb5 d6 7. Bg5 a6 8. Na3 b5 9. Bxf6 gxf6 10. Nd5 Be6 11. c3 Rb8 12. Nc2 Bxd5 13. Qxd5 Ne7 14. Qb3 f5 15. exf5 Nxf5 16. Bd3 Qg5 17. Bxf5 Qxf5 18. Ne3 Qe4 1/2-1/2

[Event "GER-ch Seniors-A 20th"]
[Site "Erfurt"]
[Date "2008.08.05"]
[Round "1"]
[White "Lieb, Harald"]
[Black "Beckel, Friedrich A"]
[Result "0-1"]
[WhiteElo "2160"]
[BlackElo "2020"]
[PlyCount "98"]
[EventDate "2008.08.05"]
[EventType "swiss"]
[EventRounds "9"]
[EventCountry "GER"]
[SourceTitle "CBM 126 Extra"]
[Source "ChessBase"]
[SourceDate "2008.11.05"]
[SourceVersion "1"]
[SourceVersionDate "2008.11.05"]
[SourceQuality "1"]

1. d4 Nf6 2. c4 g6 3. Nc3 d5 4. cxd5 Nxd5 5. g3 Bg7 6. Bg2 Nb6 7. e3 0-0 8. Nge2 c6 9. 0-0 Be6 10. Qc2 a5 11. Rd1 Na6 12. a3 Nc7 13. e4 a4 14. d5 cxd5 15. Be3 Nc4 16. Bd4 b5 17. Bxg7 Kxg7 18. Nd4 Bg4 19. f3 Ne3 20. Qe2 Nxd1 21. Rxd1 Bd7 22. exd5 Re8 23. f4 Qb8 24. Qe5+ f6 25. Qe4 Ra6 26. Nc6 Qb6+ 27. Kh1 Nxd5 28. Nxd5 Bxc6 29. Qe2 Bxd5 30. Rxd5 Qe6 31. Qf1 Rb6 32. Rd4 Rd6 33. Rxd6 exd6 34. Qxb5 Qe2 35. Bf1 Qxb5 36. Bxb5 Rb8 37. Bxa4 Rxb2 38. Bc6 Ra2 39. a4 g5 40. fxg5 fxg5 41. h3 Kf6 42. Kg1 Ke5 43. Kf1 Kd4 44. h4 h6 45. hxg5 hxg5 46. Bd7 Kc5 47. Ke1 Kb4 48. g4 d5 49. Kd1 Kc3 0-1

[Event "GER-chT Seniors 16th"]
[Site "Halle"]
[Date "2007.09.19"]
[Round "7.3"]
[White "Beckel, Friedrich A"]
[Black "Kollowa, Kurt"]
[Result "1/2-1/2"]
[WhiteElo "2087"]
[BlackElo "1926"]
[PlyCount "28"]
[EventDate "2007.09.13"]
[EventType "team"]
[EventRounds "7"]
[EventCountry "GER"]
[SourceTitle "EXT 2008"]
[Source "ChessBase"]
[SourceDate "2007.11.25"]
[SourceVersion "1"]
[SourceVersionDate "2007.11.25"]
[SourceQuality "1"]

1. e4 c5 2. Nf3 Nc6 3. d4 cxd4 4. Nxd4 Nf6 5. Nc3 e5 6. Ndb5 d6 7. Bg5 a6 8. Na3 b5 9. Bxf6 gxf6 10. Nd5 f5 11. c3 Bg7 12. exf5 Bxf5 13. Nc2 0-0 14. Nce3 Be6 1/2-1/2

[Event "GER-chT Seniors 16th"]
[Site "Halle"]
[Date "2007.09.15"]
[Round "3.3"]
[White "Goebel, Wolfgang"]
[Black "Beckel, Friedrich A"]
[Result "0-1"]
[WhiteElo "2117"]
[BlackElo "2087"]
[PlyCount "52"]
[EventDate "2007.09.13"]
[EventType "team"]
[EventRounds "7"]
[EventCountry "GER"]
[SourceTitle "EXT 2008"]
[Source "ChessBase"]
[SourceDate "2007.11.25"]
[SourceVersion "1"]
[SourceVersionDate "2007.11.25"]
[SourceQuality "1"]

1. d4 Nf6 2. Nf3 g6 3. Nc3 d5 4. Bf4 Bg7 5. Qd2 0-0 6. Bh6 c5 7. dxc5 Qa5 8. 0-0-0 Qxc5 9. Bxg7 Kxg7 10. h4 h5 11. e3 Nc6 12. Nd4 Rd8 13. f3 e5 14. Nb3 Qe7 15. Be2 Be6 16. Rdg1 a5 17. Kb1 a4 18. Nc1 e4 19. Nb5 d4 20. Nxd4 Nxd4 21. exd4 e3 22. Qd1 a3 23. b3 Qb4 24. Nd3 Qxd4 25. Qe1 Nd5 26. c4 Nf4 0-1

[Event "GER-chT Seniors 16th"]
[Site "Halle"]
[Date "2007.09.13"]
[Round "1.3"]
[White "Beckel, Friedrich A"]
[Black "Schmid, Hartmut"]
[Result "1/2-1/2"]
[WhiteElo "2087"]
[BlackElo "2222"]
[PlyCount "48"]
[EventDate "2007.09.13"]
[EventType "team"]
[EventRounds "7"]
[EventCountry "GER"]
[SourceTitle "EXT 2008"]
[Source "ChessBase"]
[SourceDate "2007.11.25"]
[SourceVersion "1"]
[SourceVersionDate "2007.11.25"]
[SourceQuality "1"]

1. e4 c5 2. Nf3 Nf6 3. Nc3 e6 4. e5 Nd5 5. Nxd5 exd5 6. d4 Nc6 7. dxc5 Bxc5 8. Qxd5 Qb6 9. Bc4 Bxf2+ 10. Ke2 0-0 11. Rf1 Bc5 12. Ng5 Nd4+ 13. Kd1 Ne6 14. Ne4 d6 15. exd6 Bxd6 16. Nxd6 Rd8 17. Bd3 Rxd6 18. Qf5 Rxd3+ 19. cxd3 Nd8 20. Qf4 Be6 21. Qe3 Qb5 22. Ke1 Nc6 23. Kf2 Nb4 24. Bd2 Nc2 1/2-1/2

[Event "GER-chT Seniors 15th"]
[Site "Bad Blankenburg"]
[Date "2006.09.03"]
[Round "1.1"]
[White "Beckel, Friedrich A"]
[Black "Staller, Peter"]
[Result "1/2-1/2"]
[WhiteElo "2092"]
[BlackElo "2275"]
[PlyCount "86"]
[EventDate "2006.09.03"]
[EventType "team-swiss"]
[EventRounds "7"]
[EventCountry "GER"]
[SourceTitle "CBM 114 Extra"]
[Source "ChessBase"]
[SourceDate "2006.11.03"]
[SourceVersion "1"]
[SourceVersionDate "2006.11.03"]
[SourceQuality "1"]

1. e4 g6 2. d4 Bg7 3. Nc3 d6 4. f4 c6 5. Bc4 Nf6 6. Nf3 0-0 7. Bb3 a5 8. a4 Na6 9. Be3 Nc7 10. d5 cxd5 11. exd5 e6 12. 0-0 Ncxd5 13. Nxd5 exd5 14. Bd4 Be6 15. Kh1 Qc7 16. c3 Rfe8 17. Bg1 Bf5 18. Bxd5 Nxd5 19. Qxd5 Re2 20. Qb5 Rae8 21. Rae1 Rxe1 22. Rxe1 Rxe1 23. Nxe1 Qe7 24. Nf3 Bh6 25. Qc4 Bg4 26. Ng5 Bf5 27. h3 Qd7 28. Ne4 Bg7 29. Qd5 Qxa4 30. Nxd6 Be6 31. Qxb7 Bf8 32. Ne4 Qd1 33. Kh2 Qd8 34. Bd4 Be7 35. Qb6 Qxb6 36. Bxb6 a4 37. Bc5 Bd8 38. g3 Bd5 39. Nd2 f5 40. Kg1 Kf7 41. Kf2 h5 42. Ke3 Bg2 43. h4 Ke6 1/2-1/2

[Event "GER-chT Seniors 14th"]
[Site "Sottrum"]
[Date "2005.09.18"]
[Round "1"]
[White "Pape, Manfred"]
[Black "Beckel, Friedrich A"]
[Result "1-0"]
[WhiteElo "2242"]
[BlackElo "2105"]
[PlyCount "85"]
[EventDate "2005.09.18"]
[EventType "team-swiss"]
[EventRounds "7"]
[EventCountry "GER"]
[SourceTitle "CBM 108 Extra"]
[Source "ChessBase"]
[SourceDate "2005.11.04"]
[SourceVersion "1"]
[SourceVersionDate "2005.11.04"]
[SourceQuality "1"]

1. Nf3 Nf6 2. g3 g6 3. Bg2 Bg7 4. d3 d5 5. Nbd2 0-0 6. 0-0 b6 7. Re1 Bb7 8. e4 dxe4 9. Ng5 Qc8 10. dxe4 e6 11. f4 h6 12. Nh3 Nbd7 13. g4 Rd8 14. Nf2 Bf8 15. Kh1 b5 16. Qe2 Bc5 17. Nd3 Bb6 18. e5 Nh7 19. Ne4 Rb8 20. Bf3 a5 21. Qg2 Bxe4 22. Bxe4 c5 23. Bf3 c4 24. Nf2 Bxf2 25. Qxf2 Nb6 26. Qh4 Qc5 27. Be3 Qf8 28. Be4 Nd5 29. Bc1 Qg7 30. Qg3 Nf8 31. h4 f5 32. exf6 Nxf6 33. Bf3 Rd7 34. f5 gxf5 35. Qxb8 fxg4 36. Bg2 Nh5 37. Rf1 e5 38. Rxf8+ Qxf8 39. Qxf8+ Kxf8 40. Bxh6+ Ke7 41. Re1 Ke6 42. Kh2 Kf5 43. Be4+ 1-0

[Event "EU-chT Seniors 05th"]
[Site "Dresden"]
[Date "2003.03.01"]
[Round "7.3"]
[White "Beckel, Friedrich A"]
[Black "Schroeder, Christian"]
[Result "0-1"]
[WhiteElo "2127"]
[BlackElo "2152"]
[PlyCount "64"]
[EventDate "2003.02.23"]
[EventType "team-swiss"]
[EventRounds "7"]
[EventCountry "GER"]
[SourceTitle "EXT 2005"]
[Source "ChessBase"]
[SourceDate "2004.11.15"]
[SourceVersion "1"]
[SourceVersionDate "2004.11.15"]
[SourceQuality "1"]

1. e4 c5 2. Nf3 d6 3. d4 cxd4 4. Nxd4 Nf6 5. Nc3 a6 6. Bd3 e5 7. Nde2 b5 8. Bg5 Be7 9. 0-0 b4 10. Bxf6 Bxf6 11. Nd5 Nc6 12. a3 bxa3 13. Rxa3 0-0 14. Qa1 a5 15. Rd1 Bg4 16. Nec3 Bxd1 17. Qxd1 Bg5 18. Bc4 Kh8 19. Ne2 g6 20. Rh3 Ra7 21. b3 f5 22. f4 Bf6 23. exf5 gxf5 24. Ng3 exf4 25. Nxf5 Ne5 26. Nxf6 Rxf6 27. Qd4 Rb7 28. Qe4 Rc7 29. Rh4 f3 30. g4 Rxf5 31. gxf5 Rg7+ 32. Kf1 Qg5 0-1

[Event "EU-chT Seniors 05th"]
[Site "Dresden"]
[Date "2003.02.24"]
[Round "2.3"]
[White "Lewicki, Wieslaw"]
[Black "Beckel, Friedrich A"]
[Result "0-1"]
[WhiteElo "2000"]
[BlackElo "2127"]
[PlyCount "64"]
[EventDate "2003.02.23"]
[EventType "team-swiss"]
[EventRounds "7"]
[EventCountry "GER"]
[SourceTitle "EXT 2005"]
[Source "ChessBase"]
[SourceDate "2004.11.15"]
[SourceVersion "1"]
[SourceVersionDate "2004.11.15"]
[SourceQuality "1"]

1. e4 c5 2. Nf3 d6 3. d4 cxd4 4. c3 dxc3 5. Nxc3 Nc6 6. Bc4 a6 7. 0-0 Nf6 8. Qe2 Bg4 9. Rd1 e6 10. h3 Bxf3 11. gxf3 Be7 12. f4 Qc7 13. Be3 b5 14. Bb3 0-0 15. Rac1 Qb7 16. f3 Na5 17. e5 Nxb3 18. axb3 dxe5 19. fxe5 Nd7 20. Ne4 Nxe5 21. Bd4 Ng6 22. Qg2 e5 23. Be3 Rfd8 24. Rxd8+ Rxd8 25. Qc2 Qd5 26. Kh2 f5 27. Ng5 f4 28. Nxh7 fxe3 29. Qxg6 Qd2+ 30. Qg2 Kxh7 31. Rg1 Qxg2+ 32. Rxg2 Rd2 0-1

[Event "EU-chT Seniors 05th"]
[Site "Dresden"]
[Date "2003.02.23"]
[Round "1.3"]
[White "Beckel, Friedrich A"]
[Black "Vucenovic, Dragomir"]
[Result "0-1"]
[WhiteElo "2127"]
[BlackElo "2300"]
[PlyCount "76"]
[EventDate "2003.02.23"]
[EventType "team-swiss"]
[EventRounds "7"]
[EventCountry "GER"]
[SourceTitle "EXT 2005"]
[Source "ChessBase"]
[SourceDate "2004.11.15"]
[SourceVersion "1"]
[SourceVersionDate "2004.11.15"]
[SourceQuality "1"]

1. e4 e5 2. Nf3 Nc6 3. Bb5 a6 4. Ba4 Nf6 5. 0-0 Be7 6. Re1 b5 7. Bb3 d6 8. c3 0-0 9. h3 Nd7 10. d4 Bf6 11. d5 Na5 12. Bc2 Nb6 13. Nbd2 c6 14. dxc6 Qc7 15. Nf1 Nxc6 16. Bb3 a5 17. Be3 Nc4 18. Bxc4 bxc4 19. Qa4 Ne7 20. Rad1 Be6 21. Bg5 Ng6 22. Bxf6 gxf6 23. g3 Bxh3 24. Ne3 Be6 25. Nd5 Bxd5 26. Rxd5 Ne7 27. Rd2 Rad8 28. Qd1 Qc6 29. Nh4 d5 30. Qg4+ Kh8 31. Red1 Rg8 32. Qh5 d4 33. cxd4 Qxe4 34. Re2 Qd5 35. Rdd2 Rg5 36. Qh6 Ng8 37. dxe5 Qxd2 38. Ng6+ fxg6 0-1